[Event "RSA-ch U14"]
[Site "Gauteng"]
[Date "2017.04.07"]
[Round "4"]
[White "Koning, Jaedin"]
[Black "Hanekom, Driaan"]
[Result "1/2-1/2"]
[WhiteElo "1125"]
[BlackElo "1121"]
[PlyCount "100"]
[EventDate "2017.04.05"]
[EventType "swiss"]
[EventRounds "11"]
[EventCountry "RSA"]
[SourceTitle "CBM 177 Extra"]
[Source "ChessBase"]
[SourceDate "2017.04.27"]
[SourceVersion "1"]
[SourceVersionDate "2017.04.27"]
[SourceQuality "1"]

1. e4 e5 2. Nf3 Nc6 3. Bc4 Bc5 4. d3 h6 5. Nc3 Nf6 6. 0-0 0-0 7. Be3 d6 8. Bxc5 dxc5 9. Bb5 Nd4 10. Nxe5 Qd6 11. Nc4 Qf4 12. e5 Ng4 13. g3 Nf3+ 14. Kg2 Qg5 15. Qxf3 a6 16. Ne4 Qh5 17. h3 axb5 18. Ne3 Nxe3+ 19. fxe3 Bxh3+ 20. Kg1 Qxe5 21. Rfc1 Qxb2 22. Nxc5 Rxa2 23. Rab1 Qc3 24. Ne4 Qa3 25. Kh2 Be6 26. Qf1 Bb3 27. Kg1 Bxc2 28. Ra1 Rxa1 29. Rxa1 Qxd3 30. Qxd3 Bxd3 31. Nc5 Bc4 32. Nxb7 Rb8 33. Nc5 b4 34. Rb1 b3 35. Rb2 Rb5 36. Na4 Ra5 37. Nc3 c5 38. Kf2 Ra2 39. Nxa2 bxa2 40. Rb8+ Kh7 41. Ra8 Bb3 42. Ke1 g5 43. Ra5 Kg6 44. Ra3 Kf5 45. Kf2 Kg4 46. e4 c4 47. Ke2 c3 48. Kd3 Kxg3 49. Kxc3 Be6 50. Kd4+ Kh4 1/2-1/2

[Event "RSA-ch U14"]
[Site "Gauteng"]
[Date "2017.04.06"]
[Round "3"]
[White "Hanekom, Driaan"]
[Black "Mazibuko, Buhle"]
[Result "0-1"]
[WhiteElo "1121"]
[BlackElo "1262"]
[PlyCount "68"]
[EventDate "2017.04.05"]
[EventType "swiss"]
[EventRounds "11"]
[EventCountry "RSA"]
[SourceTitle "CBM 177 Extra"]
[Source "ChessBase"]
[SourceDate "2017.04.27"]
[SourceVersion "1"]
[SourceVersionDate "2017.04.27"]
[SourceQuality "1"]

1. e4 c5 2. c3 g6 3. Nf3 Nc6 4. d4 cxd4 5. cxd4 Bg7 6. Be3 e6 7. Bd3 Nge7 8. 0-0 0-0 9. Qd2 d5 10. Bh6 dxe4 11. Bxe4 Nxd4 12. Nxd4 Bxh6 13. Qxh6 Qxd4 14. Nc3 Qb6 15. Na4 Qb4 16. Bc2 b5 17. a3 Qc4 18. Rac1 Qd4 19. Nc3 Bb7 20. Rfd1 Qg4 21. f3 Bxf3 22. Rd2 Nf5 23. Bxf5 exf5 24. Nxb5 a6 25. Nd4 Bxg2 26. Rxg2 Qxd4+ 27. Kh1 Rac8 28. Rxc8 Rxc8 29. Re2 Qd1+ 30. Re1 Qxe1+ 31. Kg2 Rc2+ 32. Kh3 Qf1+ 33. Kg3 Rg2+ 34. Kh4 Rg4# 0-1